000 00622nam a2200169 a 4500
001 000025618
005 20200930023923.0
008 110216s1997 xxub r 000 j spa d
040 _aDO-SdBNP
_bspa
_cBNPHU
110 _aEcuador.
_bMinisterio de Relaciones Exteriores.
_952310
245 1 0 _aPaz con dignidad /
_cEcuador. Ministerio de Relaciones Exteriores.
260 _aQuito :
_bMinisterio de Relaciones Exteriores :
_bFundación Dr. Cristobal Hurtado Matta,
_c1997.
300 _av. :
_bmapas ;
_c22 cm.
505 _gt.1
_tDocumentos del problema territorial ecuatoriano-Peruano
091 _axxx
_bC965p
049 _aBNGR
999 _c25110
_d25110